Debreczen a török uralom végén a város háztartása : 1662-1692 : V. : (végső közlemény) /

Elmentve itt :
Bibliográfiai részletek
Szerző: Zoltai Lajos
Dokumentumtípus: Cikk
Megjelent: 1904
Sorozat:Magyar gazdaságtörténelmi szemle 11
Kulcsszavak:Magyarország történelme, Gazdaságtörténet
Online Access:http://misc.bibl.u-szeged.hu/817
LEADER 00662nab a2200169 i 4500
001 misc817
005 20191106144018.0
008 170607s1904 hu o 0|| hun d
040 |a SZTE Miscellanea Repozitórium  |b hun 
041 |a hun 
100 1 |a Zoltai Lajos 
245 1 0 |a Debreczen a török uralom végén   |h [elektronikus dokumentum] :  |b a város háztartása : 1662-1692 : V. : (végső közlemény) /  |c  Zoltai Lajos 
260 |c 1904 
300 |a 206-295 
490 0 |a Magyar gazdaságtörténelmi szemle  |v 11 
695 |a Magyarország történelme, Gazdaságtörténet 
856 4 0 |u http://misc.bibl.u-szeged.hu/817/1/gazd_tort_szeml_1904_206-295.pdf  |z Dokumentum-elérés